| 000 | 01149nam a22002537a 4500 | ||
|---|---|---|---|
| 001 | BD-DhSAU 7469 | ||
| 003 | BD-DhSAU | ||
| 005 | 20230408112802.0 | ||
| 008 | 150422b2006 bg ||||| m||m 00| 0 eng d | ||
| 040 | _aBD-DhSAU | ||
| 082 |
_222 _a630.715 _bR1293 |
||
| 100 |
_aRAHMAN, MD. MAHFUZAR _eRegistration No. # 19-10162 |
||
| 245 |
_ausefulness of agricultural information and communication center (aicc) for knowledge acquisition / _bMS thesis |
||
| 260 |
_aSher-e- Bangla Agricultural University: _bDepartment of Agricultural Extension & Information System, _c2021. |
||
| 300 |
_axii, 42 p.: _b30 cm. |
||
| 500 | _aMS thesis of Department of Agricultural Extension and Information System, Faculty of Agriculture, Sher-e-Bangla Agricultural University, Dhaka, Bangladesh | ||
| 590 | _aNamul | ||
| 650 | _aagricultural information and communication center (aicc) | ||
| 650 | _aknowledge acquisition | ||
| 700 |
_aProf. Md. Mahbubul Alam, PhD _eSuperviser |
||
| 700 |
_aProf. Dr. Muhammad Humayun Kabir _eCo-Superviser |
||
| 856 | _uhttp://archive.saulibrary.edu.bd:8080/xmlui/handle/123456789/4837 | ||
| 942 |
_2ddc _cTHESIS |
||
| 999 |
_c16728 _d16727 |
||